Administratívna budova - monolitická železobetónová konštrukcia

Uložené v:
Podrobná bibliografia
Hlavný autor: Filinský, Jakub (Autor)
Ďalší autori: Majtánová, Lucia (Vedúci práce)
Médium: Rukopis Kniha
Jazyk:Slovak
Vydavateľské údaje: 2024
Predmet:
On-line prístup:http://is.stuba.sk/zp/portal_zp.pl?podrobnosti=175759
https://opac.crzp.sk/?fn=detailBiblioForm&sid=24A0BAF10DE628094C77E551EC40
Tagy: Pridať tag
Žiadne tagy, Buďte prvý, kto otaguje tento záznam!

MARC

LEADER 00000ntm a22000003a 4500
001 stuzp99091
003 SK-STU
005 20240919141941.0
007 ta
008 150427s2015----xo-----f-mn---000-0-slo-d
040 |a STU  |b slo 
041 0 |a slo 
100 1 |a Filinský, Jakub  |u 010110  |4 aut  |U SvF Stavebná fakulta  |T SvF Katedra betónových konštrukcií a mostov  |X 103909  |U V110  |Y 11  |7 103909 
242 0 1 |a Office building - cast in-situ reinforced concrete structure  |y eng 
245 1 0 |a Administratívna budova - monolitická železobetónová konštrukcia 
260 |c 2024 
650 4 |a statické a dynamické zaťaženie  |2 slo 
650 4 |a administratívna budova  |2 slo 
650 4 |a bezprievlaková stropná doska  |2 slo 
650 4 |a office building  |2 eng 
650 4 |a static and dynamic load  |2 eng 
650 4 |a flat slab  |2 eng 
700 1 |a Majtánová, Lucia  |u 010110  |k Z2  |4 ths  |U SvF Stavebná fakulta  |T SvF Katedra betónových konštrukcií a mostov  |X 50518  |U V110  |Y 11  |7 A000050518 
856 4 |u http://is.stuba.sk/zp/portal_zp.pl?podrobnosti=175759 
856 4 |u https://opac.crzp.sk/?fn=detailBiblioForm&sid=24A0BAF10DE628094C77E551EC40